000
00336nam a22001457a 4500
003
OSt
008
250503b |||||||| |||| 00| 0 eng d
100
_a
LAAJPATRAI,Laala
245
_a
Pandit Gurudatt Vidyarthi
250
_a
21th
260
_a
New Delhi
_b
Arya Prakashan
_c
2021
300
_a
200
650
_a
General
942
_2
ddc
_c
BK
999
_c
13504
_d
13504